Fire Emblem: Radiant Dawn, tous les personnages jouables - Statistiques

Statistiques générales
  • Ce quiz a été pris 176 fois
  • Le résultat moyen est 45 sur 73
Statistiques - réponses
Partie Réponse % Correct
3 Ike
96%
1 Sothe
91%
1 Micaiah
86%
3 Soren
84%
3 Titania
84%
1 Edward
82%
2 Elincia
82%
1 Leonardo
80%
3 Shinon
78%
1 Jill
77%
3 Oscar
77%
3 Boyd
76%
3 Mist
76%
1 Nolan
75%
3 Gatorie
74%
3 Rolf
74%
1 Laura
72%
2 Lethe
72%
3 Mia
72%
2 Brom
71%
2 Leanne
71%
2 Marcia
70%
2 Mordecai
70%
3 Ranulf
70%
1 Chevalier Noir
69%
4 Naesala
69%
2 Nephenie
69%
4 Tibarn
69%
1 Tormod
69%
2 Haar
68%
2 Lucia
68%
1 Meg
67%
1 Tauroneo
67%
1 Zihark
67%
1 Aran
65%
2 Astrid
65%
2 Geoffrey
64%
1 Rafiel
64%
1 Ilyana
62%
2 Makalov
62%
1 Muarim
62%
1 Nailah
61%
3 Reyson
60%
4 Sanaki
60%
1 Volug
58%
1 Vika
57%
2 Kieran
56%
3 Rhys
56%
2 Calill
55%
4 Volke
54%
2 Nealuchi
53%
4 Skrimir
53%
4 Bastian
50%
2 Heather
50%
3 Janaff
50%
3 Lyre
50%
4 Pelleas
50%
2 Danved
49%
3 Sigrun
49%
3 Tanith
48%
3 Ulki
48%
4 Sephiran/Lehran
47%
4 Caineghis
46%
4 Kurthnaga
46%
4 Ina
45%
4 Nasir
45%
4 Stefan
43%
1 Fiona
42%
4 Giffca
40%
4 Oliver
39%
4 Gareth
31%
3 Kisha
28%
4 Renning
25%
Aucun quiz correspondant
Distribution des résultats
% des personnes avec chaque résultat
Percentile par nombre de réponses
Votre historique - résultats
Vous n’avez pas pris ce quiz